000 00705cam a22002533a 4500
001 18568
003 PGUSA
005 20140828083409.0
008 060612s2006||||xxu|||||s|||||000 1 eng d
040 _aPGUSA
_beng
042 _adc
050 4 _aPT
100 1 _aElster, Kristian,
_d1841-1881
245 1 0 _aVaarallista väkeä
_h[electronic resource] /
_cKristian Elster
260 _bProject Gutenberg,
_c2006
500 _aTranslation of: Farlige folk
506 _aPublic domain in the USA.
516 _aElectronic text
653 _aFiction
700 1 _aRelander, Oskar,
_d1863-1930
830 0 _aProject Gutenberg
_v18568
856 4 0 _uhttp://www.gutenberg.org/ebooks/18568
942 _cEB
999 _c247823
_d247823